| 000 | 00391nam a2200145Ia 4500 | ||
|---|---|---|---|
| 008 | 220204s9999 xx 000 0 und d | ||
| 082 |
_a661.1(047) _bUNI |
||
| 245 | 0 | _aIndustry and development global report 1991/1992 | |
| 260 |
_aVienna _bUNIDO _c1991 |
||
| 650 | _aAutomotive tyres | ||
| 650 | _aChemical industries | ||
| 650 | _aNatural fibres | ||
| 650 | _aPaper industry | ||
| 942 | _cBK | ||
| 999 |
_c40424 _d40424 |
||